| 000 | 00000nam##2200000za#4500 |
| 001 | 9.616029 |
| 003 | CaOODSP |
| 005 | 20211126112847 |
| 007 | ta |
| 008 | 150406|2002||||xxc||||| f|0| 0 eng|d |
| 022 | |a1192-5434 |
| 040 | |aCaOODSP|beng |
| 043 | |an-cn--- |
| 086 | 1 |aFB3-2/102-19E |
| 110 | 2 |aBank of Canada. |
| 245 | 10|aEstimates of the sticky-information Phillips curve for the United States, Canada, and the United Kingdom / |cby Hashmat Khan and Zhenhua Zhu. |
| 260 | |aOttawa - Ontario : |bBank of Canada |c2002-19. |
| 300 | |avi, 31p. : |bgraphs, references, tables ; |c28 cm. |
| 490 | 1 |aWorking paper|x1192-5434 |
| 500 | |a"In this paper, we present a methodology for the empirical implementation of the SIPC for closed and open economies."--Abstract. |
| 546 | |aRésumés en français. |
| 563 | |aSoftcover |
| 590 | |a02-32|b2002-08-09 |
| 690 | 07|aEconomic forecasting|2gcpds |
| 690 | 07|aInflation|2gcpds |
| 690 | 07|aModels|2gcpds |
| 720 | 1 |aKhan, Hashmat |
| 720 | 1 |aZhu, Zhenhua |
| 776 | 0#|tEstimates of the sticky-information Phillips curve for the United States, Canada, and the United Kingdom / |w(CaOODSP)9.571599 |
| 830 | #0|aWorking paper,|x1192-5434|w(CaOODSP)9.514622 |